|
|
|
|
| LEADER |
00000nas1a2200000 4500 |
| 001 |
380129 |
| 005 |
20231101062640.0 |
| 011 |
|
|
|a 0131-4203
|
| 035 |
|
|
|a (RuTPU)RU\TPU\prd\811
|
| 035 |
|
|
|a BOOK00000812
|
| 090 |
|
|
|a 380129
|
| 100 |
|
|
|a 20011210d u y0rusy50 ca
|
| 101 |
0 |
|
|a rus
|
| 102 |
|
|
|a RU
|
| 110 |
|
|
|a afa uu0
|
| 200 |
1 |
|
|a Коррозия и защита в нефтедобывающей промышленности
|e научно-технический сборник
|f Всероссийский научно-исследовательский институт организации, управления и экономики нефтегазовой промышленности
|
| 210 |
|
|
|d 1967-1983
|a Москва
|c ВНИИОЭНГ
|
| 305 |
|
|
|a Выходит с 1967 года
|
| 326 |
|
|
|a ежемесячно
|
| 610 |
1 |
|
|a коррозия
|
| 610 |
1 |
|
|a защита от коррозии
|
| 712 |
0 |
2 |
|a ВНИИОЭНГ
|
| 801 |
|
0 |
|a RU
|b 63413507
|c 20011210
|g PSBO
|
| 801 |
|
2 |
|a RU
|b 63413507
|c 20140404
|g RCR
|
| 942 |
|
|
|c CR
|